<?xml version="1.0" encoding="UTF-8"?>
<record
    xmlns:xsi="http://www.w3.org/2001/XMLSchema-instance"
    xsi:schemaLocation="http://www.loc.gov/MARC21/slim http://www.loc.gov/standards/marcxml/schema/MARC21slim.xsd"
    xmlns="http://www.loc.gov/MARC21/slim">

  <leader>01775cam a22002651  4500</leader>
  <controlfield tag="001">11881</controlfield>
  <controlfield tag="003">BD-RjUL</controlfield>
  <controlfield tag="005">20211208235210.0</controlfield>
  <controlfield tag="008">140127s1962    nyuac    b    001 0 eng d</controlfield>
  <datafield tag="035" ind1=" " ind2=" ">
    <subfield code="a">(BD-RjUL)11930</subfield>
  </datafield>
  <datafield tag="035" ind1=" " ind2=" ">
    <subfield code="a">(OCoLC)1512619</subfield>
  </datafield>
  <datafield tag="040" ind1=" " ind2=" ">
    <subfield code="a">DLC</subfield>
    <subfield code="c">FMU</subfield>
    <subfield code="d">OCoLC</subfield>
    <subfield code="d">DLC</subfield>
    <subfield code="d">(BD-RjUL)</subfield>
    <subfield code="b">eng</subfield>
  </datafield>
  <datafield tag="041" ind1=" " ind2=" ">
    <subfield code="a">eng</subfield>
  </datafield>
  <datafield tag="082" ind1="0" ind2="0">
    <subfield code="b">LOB</subfield>
    <subfield code="a">574</subfield>
  </datafield>
  <datafield tag="100" ind1="1" ind2=" ">
    <subfield code="a">Locy, William A.</subfield>
    <subfield code="q">(William Albert),</subfield>
    <subfield code="d">1857-1924.</subfield>
    <subfield code="9">36816</subfield>
  </datafield>
  <datafield tag="245" ind1="1" ind2="0">
    <subfield code="a">Biology and its maker :</subfield>
    <subfield code="c">with portraits and other illustrations, by William A. Locy ...</subfield>
    <subfield code="b">With Portraits and Other Illustrations /</subfield>
  </datafield>
  <datafield tag="260" ind1=" " ind2=" ">
    <subfield code="a">New York :</subfield>
    <subfield code="b">H. Holt and Company,</subfield>
    <subfield code="c">1962</subfield>
  </datafield>
  <datafield tag="300" ind1=" " ind2=" ">
    <subfield code="a">xxvi, 469 p. :</subfield>
    <subfield code="b">illus.;</subfield>
    <subfield code="c">23 cm.</subfield>
  </datafield>
  <datafield tag="504" ind1=" " ind2=" ">
    <subfield code="a">Includes Index</subfield>
  </datafield>
  <datafield tag="505" ind1="0" ind2=" ">
    <subfield code="a">An outline of the rise of biology and of the epochs in its history.--Vesalius and the overthrow of authority in science.--William Harvey and experimental observation.--The introduction of the microscope and the progress of independent observation.--The progress of minute anatomy.--Linn&#xE6;us and scientific natural history.--Cuvier and the rise of comparative anatomy.--Bichat and the birth of histology.--The rise of physiology. Harvey. Haller. Johannes M&#xFC;ller.--Von Baer and the rise of embryology.--The cell-theory. Schleiden. Schwann. Schultze.--Protoplasm the physical basis of life.--The work of Pasteur, Koch, and others.--Heredity and germinal continuity. Mendel. Galton. Weismann.--The science of fossil life.--What evolution is; the evidence upon which it rests, etc.--Theories of evolution. Lamarck. Darwin.--Theories continued. Wiesmann. De Vries.--The rise of evolutionary thought.--Retrospect and prospect. Present tendencies in biology.</subfield>
  </datafield>
  <datafield tag="650" ind1=" " ind2="0">
    <subfield code="a">Biology</subfield>
    <subfield code="x">History.</subfield>
    <subfield code="9">36817</subfield>
  </datafield>
  <datafield tag="942" ind1=" " ind2=" ">
    <subfield code="2">ddc</subfield>
    <subfield code="c">BK</subfield>
  </datafield>
  <datafield tag="999" ind1=" " ind2=" ">
    <subfield code="c">11881</subfield>
    <subfield code="d">11881</subfield>
  </datafield>
  <datafield tag="952" ind1=" " ind2=" ">
    <subfield code="0">0</subfield>
    <subfield code="1">0</subfield>
    <subfield code="2">ddc</subfield>
    <subfield code="4">0</subfield>
    <subfield code="7">0</subfield>
    <subfield code="8">NFIC</subfield>
    <subfield code="a">RUCL</subfield>
    <subfield code="b">RUCL</subfield>
    <subfield code="c">Reading</subfield>
    <subfield code="d">1963-11-19</subfield>
    <subfield code="e">Euro-Pak</subfield>
    <subfield code="g">45.50</subfield>
    <subfield code="l">0</subfield>
    <subfield code="o">574    LOB   1962</subfield>
    <subfield code="r">2014-01-27 00:00:00</subfield>
    <subfield code="t">C-1</subfield>
    <subfield code="w">2021-12-08</subfield>
    <subfield code="y">BK</subfield>
  </datafield>
</record>
